Регионална библиотека "Любен Каравелов" - Русе

Приложна икономика (Запис номер 12609)

MARC детайли
000 -Лидер
Контролно поле с фиксирана дължина 01821nam a2200373 c 4500
003 - Код на организацията, давaща контролен номер
Контролно поле BLK
005 - Дата и час на последна редакция
Контролно поле 20180420214754.0
008 - Елементи от данни с фиксирана дължина
fixed length control field 180412b bul|||||r ||||||| ||bul||
010 ## - Наследен системен номер
LC control number KNG00014218000
020 ## - Международен стандартен номер на книга ISBN
Международен стандартен номер на книга ISBN 954-8492-26-1
-- издат.: Информа Интелект
040 ## - Източник на каталожния запис
Идентификатор на билиотеката - собственик на записа BLK
041 ## - Код за език
Код за езика на текст/звукозапис или на отделно заглавие Български
Код за езика КДБФ Български
080 ## - УДК
Текстов определител УДК Форми на предприятията в зависимост от отношението към собствеността...
УДК код - определител по УДК 334.72
УДК определител .003(075.8)
УДК - код + определител 334.72.003(075.8)
080 ## - УДК
Текстов определител УДК Управление и администрация на предприемачеството. Организация на търговията
УДК код - определител по УДК 658
УДК определител (075.8)
УДК - код + определител 658(075.8)
100 1# - Редна дума - Автор
Автор Маринов, Георги Костадинов
Авторска отговорност първи автор
R(LIN) 257657
139 ## - Редно поле
Редна дума Приложна икономика
Авторски знак Прил - П 88
245 10 - Сведения за заглавието
Заглавие Приложна икономика
Подзаглавни данни Актуални въпроси и отговори : За студенти от ВУЗ
Редно поле (дума) Георги Костадинов Маринов.
257 ## - Страна на издаване
Страна на създаване/издаване България
260 ## - Област на издателските данни
-- София
Име на издателя, разпространителя и проч. Информа Интелект
Година на издаване 1996
300 ## - Физическа характеристика
Страници 288 с.
Илюстрации и др. със сх., табл.
Размери/Мащаб 24 см
380 ## - Жанр
Жанр Обществени науки
500 ## - Общи забележки
Забележка Деп. списък: 36 Други авт.: М. Велев, Г. Попов, О. Гераскова ; 1 000 тир
650 #4 - Допълнително описание по предмет – тема
Основно описание – тема или топоним Стопански предприятия - икономика и организация - учебници за ВУЗ
9 (RLIN) 256245
650 #4 - Допълнително описание по предмет – тема
Основно описание – тема или топоним Икономика - учебници за ВУЗ
9 (RLIN) 243428
653 ## - Ключова дума – ненормативна
Ключова дума икономика
653 ## - Ключова дума – ненормативна
Ключова дума планиране
653 ## - Ключова дума – ненормативна
Ключова дума иновации
653 ## - Ключова дума – ненормативна
Ключова дума финанси
852 ## - Местоположение
Форматна сигнатура Цб 189179
856 4# - Електронен адрес и достъп
Електронен формат pdf - файл
Път до файла /url/
856 4# - Електронен адрес и достъп
Електронен формат pdf - файл
Път до файла /url/
942 ## - АРТИКУЛИ
Вид на библиотечния материал Книги
Скрит в OPAC Не
Koha issues (borrowed), all copies 1
944 ## - СЪЗДАВАНЕ И РЕДАКЦИЯ на ЗАПИСА
Създаване/Редакция Създаване
Дата на регистрацията/редакция 15.01.2003
Служител, извършил регистрацията/редакцията Геновева_Генчева
944 ## - СЪЗДАВАНЕ И РЕДАКЦИЯ на ЗАПИСА
Създаване/Редакция Редакция
Дата на регистрацията/редакция 27.09.2006
Служител, извършил регистрацията/редакцията
999 ## - СИСТЕМНИ КОНТРОЛНИ НОМЕРА
Koha biblionumber 12609
Koha biblioitemnumber 12609
Наличности
Код за отписване Код за изгубен артикул Източник на класификационната схема Код за повреда Коз за рестрикции Код за отдаване Артикулен № Име на библиотеката - собственик Име на библиотеката, в която се намира в момента Статус (Текущо местоположение) Дата на вписване в системата Местоположение - отдел Цена в лева Инвентарен номер Систематично азбучна сигнатура Баркод Номер на екземпляра Цена в евро Служебна бележка Служебен тип на артикула
Изтеглен Не е изгубен Universal Decimal Classification Не е повреден без рестрикции заемане за дома 21776 Регионална библиотека "Любен Каравелов" Русе Регионална библиотека "Любен Каравелов" Русе Заемна - подръчен фонд 2001-01-01 Заемна - подръчен фонд 2.28 623748 П 334.7/П 88 623748 1 1.17 Дост: Pk Вид: Ф N: стар фонд Дата: 01.01.1996 Книги
  Не е изгубен Universal Decimal Classification Не е повреден без рестрикции ползва се в читалня 21777 Регионална библиотека "Любен Каравелов" Русе Регионална библиотека "Любен Каравелов" Русе Хранилище 2001-01-01 Хранилище 2.28 626693 Цб 189179 120000626693 2 1.17 Дост: Dp Вид: Д N: 36 Дата: 01.01.1996 Книги
Vip Innovations Ltd, Rousse, Bulgaria 2025